00426nam a2200145Ia 4500008004100000040001900041041001200060082002400072100001500096245007800111260002800189300002600217650001900243850001800262131103s9999 xx 000 0 und d aLoreto College aEnglish a821/WORbLCBkB/E319 aWordsworth aPoetry & proseb with essays by Coleridge Hazlitt De Quincey cWordsworth aOxfordbClarendonc1960 axviii, 212p. c 19cm. aEnglish poetry aLCBkB/821/WOR